Plants that belong to mallow family (Malvaceae) - sudden death - Statistics

General Stats
  • This quiz has been taken 23 times
  • The average score is 6 of 13
Answers on the Grid
Answers color-coded by a green-red scale on the quiz's grid according to % correct below.
Arabica coffee
Cacao tree
Star anise
Common hollyhock
GIant bamboo
Durian
Peony
Common mulberry
Small-leaved lime/linden
Vervain (Verbena)
Common mallow
Fanpetal (Sida)
Fig
Kola tree
Buckwheat
Cotton
Baobab
Common alder
Swampmallow (Pavonia)
White mustard
Okra
Cinnamonum
Jackfruit
Lemon
Hibiscus
Violet
European white birch
Large-leaved lime/linden
 
Answer Stats
Answer % Correct
Cacao tree
54%
Common mallow
54%
Durian
54%
Hibiscus
54%
Baobab
46%
Common hollyhock
46%
Kola tree
46%
Large-leaved lime/linden
46%
Small-leaved lime/linden
46%
Swampmallow (Pavonia)
46%
Okra
38%
Cotton
31%
Fanpetal (Sida)
15%
No matching quizzes found
Score Distribution
Percent of People with Each Score
Percentile by Number Answered
Your Score History
You have not taken this quiz